00282nam a2200109Ia 4500008004100000082001200041100002100053245004200074260003100116300000700147650001800154191201s2019 xx 000 0 und d a616 PAH aPANDA, Uday Nath 0aHand book for Medical Representative  bAITBS PubaNew Delhic2019 a88 aMiscellaneous